000 00666nam a2200265Ia 4500
005 20260302115258.0
008 008 260114s9999 xx 000 0 eng d
020 _a9781350486492
037 _aTextbook
040 _aCRL
040 _beng
040 _cCRL
041 _2eng
041 _aeng
084 _qCRL
100 _aHuw Griffiths
_91121201
245 0 _aShakespeare - Hamlet
260 _bBloomsbury
260 _bBloomsbury Academic
260 _c2004
650 _aLiterary Studies
856 _uhttps://doi.org/10.1007/978-0-230-20923-7?locatt=label:secondary_bloomsburyCollections
942 _cEBOOK
999 _c1685620
_d1685620